Problemas de física general / (Record no. 141543)

MARC details
000 -LEADER
campo de control de longitud fija 00577nam a2200169 i 4500
001 - NÚMERO DE CONTROL
campo de control 141543
003 - IDENTIFICADOR DE NÚMERO DE CONTROL
campo de control ES-MaACL
007 - CAMPO FIJO DE DESCRIPCIÓN FÍSICA--INFORMACIÓN GENERAL
campo de control de longitud fija t|
008 - DATOS DE LONGITUD FIJA--INFORMACIÓN GENERAL
campo de control de longitud fija 070925s1970 xxr ||||1| spa d
100 1# - ENTRADA PRINCIPAL--NOMBRE DE PERSONA
Nombre de persona Volkenshtein, Valentina S.
9 (RLIN) 115696
245 10 - MENCIÓN DEL TÍTULO
Título Problemas de física general /
Mención de responsabilidad, etc. V. S. Volkenshtein ; traducido del ruso por Antonio Molina García y Manuel Gisbert Talens.
260 ## - PUBLICACIÓN, DISTRIBUCIÓN, ETC.
Lugar de publicación, distribución, etc. Moscú :
Nombre del editor, distribuidor, etc. Miz,
Fecha de publicación, distribución, etc. 1970.
300 ## - DESCRIPCIÓN FÍSICA
Extensión 408 p. :
Otras características físicas il. ;
Dimensiones 22 cm.
700 1# - ENTRADA AGREGADA--NOMBRE PERSONAL
Nombre de persona Molina García, Antonio.
9 (RLIN) 81938
700 1# - ENTRADA AGREGADA--NOMBRE PERSONAL
Nombre de persona Gisbert Talens, Manuel.
9 (RLIN) 57334
852 ## - LOCALIZACIÓN
Ubicación ES-MaACL
Número de control de estantería E-5574
Sublocalización o colección R.89377
Holdings
Estatus retirado Estado de pérdida Estado de daño No para préstamo Biblioteca de origen Biblioteca actual Ubicación en estantería Fecha de adquisición Fuente de adquisición Total de préstamos Signatura topográfica completa Código de barras Visto por última vez Precio de reemplazo Tipo de ítem Koha
        Biblioteca del Ateneo de Madrid Biblioteca del Ateneo de Madrid Depósito 2 17/01/2008     E-5574 1147279 23/02/2023 23/02/2023 Libro impreso